عہد حاضر کا نباض ڈاکٹر عشرت بیتاب / (Record no. 190889)

MARC details
000 -LEADER
fixed length control field 00687nam a22001937a 4500
005 - DATE AND TIME OF LATEST TRANSACTION
control field 20220810103346.0
010 ## - LCCN (DPL NO)
LC control number UR-11664
020 ## - INTERNATIONAL STANDARD BOOK NUMBER
International Standard Book Number 9789392496561
Terms of availability 94.00
035 ## - SYSTEM CONTROL NUMBER
System control number U-10219
037 ## - SOURCE OF ACQUISITION
Source of stock number/acquisition DBAD/PUB
Stock number -
082 ## - DEWEY DECIMAL CLASSIFICATION NUMBER
Classification number 921
100 ## - MAIN ENTRY--PERSONAL NAME
Personal name طلعت انجم فخر
245 ## - TITLE STATEMENT
Title عہد حاضر کا نباض ڈاکٹر عشرت بیتاب /
Statement of responsibility, etc طلعت انجم فخر
Medium ا ر د و
246 ## - VARYING FORM OF TITLE
Title proper/short title Ahd-E-Haazir ka Nabbaz Dr. Ishrat Betab /
Remainder of title by Talat Anjum Fakhr
260 ## - PUBLICATION, DISTRIBUTION, ETC. (IMPRINT)
Place of publication, distribution, etc New Delhi
Name of publisher, distributor, etc Educational Publishing House
Date of publication, distribution, etc 2021 ء
270 ## - ADDRESS
Address H.O.D1/16, Ansari Road, Darya Ganj
City New Delhi
Postal code 110002
300 ## - PHYSICAL DESCRIPTION
Extent 143 ص
Dimensions 23cm(Hb)
942 ## - ADDED ENTRY ELEMENTS (KOHA)
Source of classification or shelving scheme Dewey Decimal Classification
Item type Urdu Bks
Classification part 921
Call number suffix ط ل ع
Holdings
Withdrawn status Lost status Not for loan Collection code Home library Current library Date acquired Source of acquisition Cost, normal purchase price Full call number Barcode Copy number Cost, replacement price Koha item type
      Non-fiction Central Library Central Library 10/08/2022 DBAD/PUB 94.00 921 ط ل ع U-10219 1 94.00 Urdu Bks

© Delhi Public Library
Hit Counter
free hit counter